[Event "OVER 1700 STANDARD CHESS TOURNEY - SEP 2010"]
[Site "SchemingMind.com"]
[Date "2010.09.03"]
[Round "-"]
[White "maaac"]
[Black "_keyes"]
[Result "1-0"]
[WhiteCountry "AUS"]
[BlackCountry "ENG"]
[WhiteElo "1997"]
[WhiteRD "74"]
[BlackElo "1902"]
[BlackRD "75"]
[GameID "259259"]

1. d4 Nf6 2. c4 e6 3. g3 c6 4. Bg2 d5 5. Nf3 Bd6 6. Nbd2 Nbd7 7. O-O O-O 8. b3 e5 9. dxe5 Nxe5 10. Bb2 Nxf3+
11. Bxf3 Bh3 12. Bg2 Bxg2 13. Kxg2 Be7 14. cxd5 Qxd5+ 15. Nf3 Rfd8 16. Qc2 Qh5 17. Rad1 Ng4 18. h3 Nf6 19. e4 Ne8 20. Rxd8 Rxd8
21. Rd1 Qa5 22. Rxd8 Qxd8 23. Nd4 g6 24. f4 c5 25. Ne2 b6 26. Nc3 Nc7 27. Kf3 Qd7 28. g4 Bf6= 29. e5 Ne6 30. Ne4 Be7
31. Qd2 Qxd2= 32. Nxd2 Kf8 33. Ke4 Ke8 34. Nf3 Kd7 35. f5 Ng5+ 36. Nxg5 Bxg5 37. Kd5 Be3 38. a4 Bf2 39. e6+ fxe6+ 40. fxe6+ Ke7
41. Be5 Bh4 42. Bb8 a6 43. Ba7 b5 44. Bxc5+ Ke8 45. axb5 axb5 46. Kc6 Bd8 47. Kxb5 h6 48. Kc6
1-0

[Event "OVER 1700 STANDARD CHESS TOURNEY - SEP 2010"]
[Site "SchemingMind.com"]
[Date "2010.09.03"]
[Round "-"]
[White "maaac"]
[Black "Scooter"]
[Result "1-0"]
[WhiteCountry "AUS"]
[BlackCountry "USA"]
[WhiteElo "1916"]
[WhiteRD "76"]
[BlackElo "1859"]
[BlackRD "62"]
[GameID "259260"]

1. d4 Nf6 2. c4 g6 3. Nc3 Bg7 4. e4 d6 5. Nf3 O-O 6. Be2 e5 7. O-O Nc6 8. d5 Ne7 9. b4 Bg4 10. Be3 a5
11. a3 c6 12. h3 Bxf3 13. Bxf3 axb4 14. axb4 cxd5 15. Nxd5 Nexd5 16. cxd5 Qc8 17. Qb3 b5 18. Rac1 Qb7 19. Rc6 Ra6 20. Rfc1 Rxc6
21. dxc6 Qc7 22. Qa2 Rb8 23. Qa5 Ne8 24. Qxc7 Nxc7 25. Ra1 Bf6 26. Ra7 Bd8 27. Rb7 Rxb7 28. cxb7 Na6 29. Be2
1-0

[Event "OVER 1700 STANDARD CHESS TOURNEY - SEP 2010"]
[Site "SchemingMind.com"]
[Date "2010.09.03"]
[Round "-"]
[White "maaac"]
[Black "NAZRIZ1977"]
[Result "1-0"]
[WhiteCountry "AUS"]
[BlackCountry "WLS"]
[WhiteElo "1997"]
[WhiteRD "74"]
[BlackElo "1756"]
[BlackRD "74"]
[GameID "259261"]

1. d4 Nf6 2. c4 g6 3. Nc3 Bg7 4. e4 d6 5. Nf3 O-O 6. Be2 e5 7. O-O Na6 8. Bg5 h6 9. Be3 Ng4 10. Bc1 Re8
11. d5 f5 12. Nd2 Nf6 13. a3 Nc5 14. Qc2 a5 15. Rb1 a4 16. b4 axb3 17. Nxb3 Ncxe4 18. Nxe4 Nxe4 19. f3 Nf6 20. Kh1 Nh5
21. g4 Nf4 22. Rg1 Qh4 23. Bb2 b6 24. Rg3 Re7 25. Nc1 Bd7 26. Nd3
1-0

[Event "OVER 1700 STANDARD CHESS TOURNEY - SEP 2010"]
[Site "SchemingMind.com"]
[Date "2010.09.03"]
[Round "-"]
[White "maaac"]
[Black "Bricriu"]
[Result "1-0"]
[WhiteCountry "AUS"]
[BlackCountry "IRL"]
[WhiteElo "1997"]
[WhiteRD "74"]
[BlackElo "1792"]
[BlackRD "74"]
[GameID "259262"]

1. d4 d5 2. c4 c6 3. Nc3 dxc4 4. a4 Nf6 5. e4 e5 6. Be3 Ng4 7. Nf3 Nxe3 8. fxe3 Bg4 9. Bxc4 Bxf3 10. Qxf3 Qc7
11. O-O f6 12. Qh5+ g6 13. Qh4 Nd7 14. a5 Be7 15. a6 b5 16. Bb3 h5 17. d5 g5 18. Qf2 b4 19. dxc6 Qxc6 20. Nd5
1-0

[Event "OVER 1700 STANDARD CHESS TOURNEY - SEP 2010"]
[Site "SchemingMind.com"]
[Date "2010.09.03"]
[Round "-"]
[White "maaac"]
[Black "Transcendent"]
[Result "1/2-1/2"]
[WhiteCountry "AUS"]
[BlackCountry "ENG"]
[WhiteElo "1927"]
[WhiteRD "78"]
[BlackElo "1794"]
[BlackRD "56"]
[GameID "259263"]

1. d4 d5 2. c4 c6 3. Nc3 Nf6 4. Nf3 dxc4 5. a4 Bf5 6. Ne5 e6 7. f3 Bb4 8. e4 Bxe4 9. fxe4 Nxe4 10. Bd2 Qxd4
11. Nxe4 Qxe4+ 12. Qe2 Bxd2+ 13. Kxd2 Qd5+ 14. Ke1 Na6= 15. Nxc4 O-O 16. Rd1 Qc5=
1/2-1/2

[Event "OVER 1700 STANDARD CHESS TOURNEY - SEP 2010"]
[Site "SchemingMind.com"]
[Date "2010.09.03"]
[Round "-"]
[White "maaac"]
[Black "PawnPusherPete"]
[Result "0-1"]
[WhiteCountry "AUS"]
[BlackCountry "ENG"]
[WhiteElo "1916"]
[WhiteRD "76"]
[BlackElo "2078"]
[BlackRD "118"]
[GameID "259264"]

1. d4 Nf6 2. c4 e6 3. g3 c5 4. d5 d6 5. Nc3 exd5 6. cxd5 g6 7. Bg2 Bg7 8. Nf3 Na6 9. O-O Nc7 10. a4 O-O
11. e4 Bg4 12. Be3 Nd7 13. Qc2 Bxf3 14. Bxf3 Na6 15. Be2 Nb4 16. Qd2 Re8 17. Bb5 a6 18. Bxd7 Qxd7 19. a5 Rab8 20. f4 b5
21. axb6 Rxb6 22. e5 dxe5 23. Bxc5 Rb7 24. f5 gxf5 25. Bxb4 Rxb4 26. Rxa6 Reb8 27. Ra2 h6 28. Qf2 f4 29. Rfa1 fxg3 30. hxg3 Qg4
31. Ra8 e4 32. Rxb8+ Rxb8 33. Ra7 Qh5 34. Ra1 Bxc3 35. bxc3 Qxd5 36. Qf4 Rb6 37. Qg4+ Rg6 38. Qf4 Qc5+ 39. Kg2 Qxc3 40. Rf1 Qb3
41. Rc1 Qb2+ 42. Kh3 Qd4 43. Rf1 Qd5 44. Re1 Re6 45. Rf1 Re5 46. Qe3 Rh5+ 47. Kg2 Qe6 48. Rh1 Qa2+
0-1

[Event "OVER 1700 STANDARD CHESS TOURNEY - SEP 2010"]
[Site "SchemingMind.com"]
[Date "2010.09.04"]
[Round "-"]
[White "_keyes"]
[Black "maaac"]
[Result "1/2-1/2"]
[WhiteCountry "ENG"]
[BlackCountry "AUS"]
[WhiteElo "1897"]
[WhiteRD "76"]
[BlackElo "1987"]
[BlackRD "75"]
[GameID "259265"]

1. d4 Nf6 2. c4 e6 3. Nc3 Bb4 4. e3 b6 5. Bd3 Bb7 6. Nf3 O-O 7. O-O d5 8. cxd5 exd5 9. Ne5 Nbd7 10. f4 Ne4
11. Nxe4 dxe4 12. Bc4 Nxe5 13. fxe5 Bd5 14. Bxd5 Qxd5 15. Qc2 c5 16. a3 Ba5 17. Rf4 cxd4 18. Qxe4 Qb3 19. exd4 Rac8 20. Rf3 Qd1+
21. Rf1 Qb3 22. Rb1 b5 23. Bg5 Bb6 24. Rf3 Qc2 25. Qxc2 Rxc2 26. Rd3 f6 27. exf6 gxf6 28. Be3 Kf7 29. b4 Rg8 30. g3 h5
31. Bf2 h4 32. Rbd1 hxg3 33. hxg3 f5 34. R1d2 Rxd2 35. Rxd2 f4 36. Kg2 fxg3 37. Bxg3 Bc7 38. Rd3 Bxg3 39. Rxg3 Rd8 40. Rg4 Ke6
41. Kf3 Kd5 42. Ke3 Kc4 43. Rg7 Re8+ 44. Kd2 Kxd4 45. Rxa7 Kc4 46. Rb7 Re5 47. Rc7+ Kb3 48. Rc5 Re4 49. Rxb5 Kxa3 50. Rb8=
1/2-1/2

[Event "OVER 1700 STANDARD CHESS TOURNEY - SEP 2010"]
[Site "SchemingMind.com"]
[Date "2010.09.04"]
[Round "-"]
[White "Scooter"]
[Black "maaac"]
[Result "1/2-1/2"]
[WhiteCountry "USA"]
[BlackCountry "AUS"]
[WhiteElo "1859"]
[WhiteRD "62"]
[BlackElo "1916"]
[BlackRD "76"]
[GameID "259266"]

1. d4 Nf6 2. Nf3 e6 3. Bg5 Be7 4. Nbd2 d5 5. e3 O-O 6. Bd3 b6 7. O-O Bb7 8. c4 Nbd7 9. Qc2 h6 10. Bh4 c5
11. cxd5 Nxd5 12. Bxe7 Qxe7 13. a3 cxd4 14. Nxd4 Rac8 15. Qd1 Nc5 16. Bc2 Ba6 17. Re1 Rfd8 18. b4 Nd3 19. Bxd3 Bxd3 20. N2b3 Bh7
21. Qf3 e5 22. Nf5 Qg5 23. Ng3 e4 24. Nxe4 Bxe4 25. Qxe4 Rc6 26. Nd4 Rg6 27. Rac1 Nf6 28. Qf3 Ng4 29. Rc7 Nxh2 30. Kxh2 Qe5+
31. Qf4 Qxf4+ 32. exf4 Rxd4 33. Re8+ Kh7 34. Rxf7 a5 35. Rff8 Rf6 36. Rxf6 gxf6 37. Re6 Rxf4 38. Rxb6 axb4 39. axb4 Rxf2 40. Kg3 Rb2=
1/2-1/2

[Event "OVER 1700 STANDARD CHESS TOURNEY - SEP 2010"]
[Site "SchemingMind.com"]
[Date "2010.09.05"]
[Round "-"]
[White "NAZRIZ1977"]
[Black "maaac"]
[Result "0-1"]
[WhiteCountry "WLS"]
[BlackCountry "AUS"]
[WhiteElo "1756"]
[WhiteRD "74"]
[BlackElo "1997"]
[BlackRD "74"]
[GameID "259267"]

1. c4 e5 2. g3 f5 3. Bg2 Nf6 4. d4 e4 5. Nc3 c6 6. f3 d5 7. Bg5 Be7 8. Qb3 Nbd7 9. Nh3 Nb6 10. cxd5 cxd5
11. Nf4 O-O 12. Rd1 Kh8 13. O-O Qd6 14. Bxf6 Bxf6 15. Ncxd5 exf3 16. Bxf3 Bd7 17. Nxb6 axb6 18. Bxb7 Ra7 19. Bg2 Ba4 20. Qe6 Qxe6
21. Nxe6 Bxd1 22. Nxf8 Bxd4+ 23. Kh1 Bxe2 24. Re1 Rxa2 25. Rxe2 Ra1+ 26. Bf1 Rxf1+ 27. Kg2 Rb1 28. Re8 Rxb2+ 29. Kh3 Kg8 30. Rd8 Bg1
0-1

[Event "OVER 1700 STANDARD CHESS TOURNEY - SEP 2010"]
[Site "SchemingMind.com"]
[Date "2010.09.04"]
[Round "-"]
[White "Bricriu"]
[Black "maaac"]
[Result "0-1"]
[WhiteCountry "IRL"]
[BlackCountry "AUS"]
[WhiteElo "1792"]
[WhiteRD "74"]
[BlackElo "1997"]
[BlackRD "74"]
[GameID "259268"]

1. e4 c5 2. Nf3 d6 3. Bb5+ Bd7 4. Bxd7+ Qxd7 5. O-O Nc6 6. c3 Nf6 7. d4 g6 8. Qe2 Bg7 9. Re1 e5 10. d5 Ne7
11. a4 O-O 12. Nfd2 Nh5 13. Nc4 Nf4 14. Qf3 g5 15. g3 Nh3+ 16. Kg2 g4 17. Qe2 f5 18. f4 gxf3+ 19. Qxf3 fxe4 20. Qxe4 Rf2+
21. Kh1 Ng5 22. Qe3 Raf8 23. Re2 Rf1+
0-1

[Event "OVER 1700 STANDARD CHESS TOURNEY - SEP 2010"]
[Site "SchemingMind.com"]
[Date "2010.09.03"]
[Round "-"]
[White "Transcendent"]
[Black "maaac"]
[Result "0-1"]
[WhiteCountry "ENG"]
[BlackCountry "AUS"]
[WhiteElo "1793"]
[WhiteRD "51"]
[BlackElo "1997"]
[BlackRD "74"]
[GameID "259269"]

1. d4 Nf6 2. c4 e6 3. g3 Bb4+ 4. Bd2 Be7 5. Bg2 O-O 6. Nf3 d5 7. O-O b6 8. Qc2 Bb7 9. cxd5 exd5 10. Nc3 Nbd7
11. Rac1 c5 12. e3 a6 13. Ne5 Rc8 14. f4 b5 15. Qd3 c4 16. Qb1 b4 17. Ne2 Nb6 18. f5 Ne4 19. Bxe4 dxe4 20. Nf4 a5
21. Rfd1 Bd6 22. Be1 Qf6 23. a3 Qxf5 24. axb4 axb4 25. Bf2 Bxe5 26. dxe5 Qxe5 27. Rc2 Rfd8 28. Be1 Qb5 29. Rcd2 Rd3 30. Nxd3 exd3
31. Rf2 Qd5
0-1

[Event "OVER 1700 STANDARD CHESS TOURNEY - SEP 2010"]
[Site "SchemingMind.com"]
[Date "2010.09.03"]
[Round "-"]
[White "PawnPusherPete"]
[Black "maaac"]
[Result "1-0"]
[WhiteCountry "ENG"]
[BlackCountry "AUS"]
[WhiteElo "2078"]
[WhiteRD "118"]
[BlackElo "1916"]
[BlackRD "76"]
[GameID "259270"]

1. e4 c5 2. Nf3 d6 3. d4 cxd4 4. Nxd4 Nf6 5. Nc3 a6 6. Bg5 e6 7. f4 Qc7 8. f5 Nc6 9. fxe6 fxe6 10. Bc4 Nxd4
11. Qxd4 Be7 12. Bb3 O-O 13. O-O-O Bd7 14. Bf4 Ne8 15. Rhf1 Kh8 16. e5 d5 17. Bxd5 exd5 18. Nxd5 Qc5 19. Nxe7 Qxe7 20. Qxd7 Qxd7
21. Rxd7 g5 22. g3 b5 23. e6 gxf4 24. e7 Rg8 25. Rxf4 Ng7 26. Rf6 Rge8 27. g4 Kg8 28. h4 Rac8 29. h5 h6 30. Rxh6 Kf7
31. g5 Rxe7 32. Rxe7+ Kxe7 33. Rh7 Rg8 34. h6 Kf8 35. Rxg7 Rxg7 36. hxg7+ Kxg7 37. Kd2 Kg6 38. Kc3
1-0

[Event "OVER 1700 STANDARD CHESS TOURNEY - SEP 2010"]
[Site "SchemingMind.com"]
[Date "2010.09.04"]
[Round "-"]
[White "mmccaffe"]
[Black "_keyes"]
[Result "0-1"]
[WhiteCountry "USA"]
[BlackCountry "ENG"]
[WhiteElo "1704"]
[WhiteRD "55"]
[BlackElo "1902"]
[BlackRD "75"]
[GameID "259328"]

1. e4 c5 2. Nf3 d6 3. d3 Nd7 4. g3 a6 5. Bg2 e6 6. O-O Ngf6 7. Nc3 Qc7 8. Nh4 Be7 9. f4 Rb8 10. f5 Ne5
11. fxe6 fxe6 12. Nf3 Nc6 13. Bd2 O-O 14. a3 Bd7 15. Ne2 b5 16. c3 c4 17. Qc2 cxd3 18. Qxd3 Na5 19. Nf4 Nb3 20. Ng5 Nxd2
21. Qxd2 Qc5+
0-1

[Event "OVER 1700 STANDARD CHESS TOURNEY - SEP 2010"]
[Site "SchemingMind.com"]
[Date "2010.09.04"]
[Round "-"]
[White "mmccaffe"]
[Black "maaac"]
[Result "0-1"]
[WhiteCountry "USA"]
[BlackCountry "AUS"]
[WhiteElo "1704"]
[WhiteRD "55"]
[BlackElo "1997"]
[BlackRD "74"]
[GameID "259329"]

1. e4 c5 2. Nf3 d6 3. d3 Nc6 4. g3 g6 5. Bg2 Bg7 6. O-O e5 7. Nc3 Nge7 8. Nd5 O-O 9. c4 Nd4 10. Nxd4 cxd4
11. Bg5 f6 12. Bd2 Be6 13. Qb3 Qd7 14. Rac1 b6 15. a4 Rab8 16. f4 f5 17. exf5 gxf5 18. Qb5 Ng6 19. Ra1 Rfc8 20. Rfc1 Qf7
21. Rf1 Ne7 22. Nxe7+ Qxe7 23. Bd5= Qf7 24. fxe5 dxe5 25. g4 Bxd5 26. cxd5 Qg6 27. g5 f4 28. h4 h6 29. Kh2 hxg5 30. hxg5 Qxg5
31. Rg1 Qh5+ 32. Kg2 Rc2
0-1

[Event "OVER 1700 STANDARD CHESS TOURNEY - SEP 2010"]
[Site "SchemingMind.com"]
[Date "2010.09.04"]
[Round "-"]
[White "mmccaffe"]
[Black "Scooter"]
[Result "0-1"]
[WhiteCountry "USA"]
[BlackCountry "USA"]
[WhiteElo "1704"]
[WhiteRD "55"]
[BlackElo "1901"]
[BlackRD "62"]
[GameID "259330"]

1. e4 c6 2. d4 d5 3. Nc3 dxe4 4. Nxe4 Bf5 5. Ng3 Bg6 6. Nf3 Nd7 7. c3 h6 8. Bd3 Bxd3 9. Qxd3 Ngf6 10. h3 e6
11. O-O Bd6 12. Ne4 Nxe4 13. Qxe4 Nf6 14. Qe2 O-O 15. Be3 Re8 16. Rfd1 Qc7 17. Rac1 Nd5 18. Bd2 e5 19. dxe5 Bxe5 20. Nxe5 Rxe5
21. Qf3 Rae8 22. c4 Nf6 23. Bf4 Qa5 24. Bxe5 Qxe5 25. Rc2 Nh7 26. Rcd2 Ng5 27. Qd3 Ne6 28. Re2 Qg5 29. Rde1 Rd8 30. Qe3 Nf4
31. Qg3 Nxe2+ 32. Rxe2 Qc1+ 33. Kh2 Qxc4 34. Re7 Qb4 35. Re2 Qc4 36. Qe3 Qxa2 37. Qe7 Qd5 38. Qxb7 Qd6+ 39. g3 Qd3 40. Re7= Qf3
41. Rd7 Qxf2+ 42. Kh1 Qe1+ 43. Kg2 Re8 44. Qxa7 Re2+ 45. Kf3 Qf1+ 46. Kg4 Re4+
0-1

[Event "OVER 1700 STANDARD CHESS TOURNEY - SEP 2010"]
[Site "SchemingMind.com"]
[Date "2010.09.04"]
[Round "-"]
[White "mmccaffe"]
[Black "NAZRIZ1977"]
[Result "1-0"]
[WhiteCountry "USA"]
[BlackCountry "WLS"]
[WhiteElo "1704"]
[WhiteRD "55"]
[BlackElo "1756"]
[BlackRD "74"]
[GameID "259331"]

1. e4 c6 2. d4 d5 3. Nc3 dxe4 4. Nxe4 Bf5 5. Ng3 Bg6 6. Nf3 Nd7 7. Bd3 Ngf6 8. h3 e6 9. O-O Be7 10. Bxg6 hxg6
11. c3
1-0

[Event "OVER 1700 STANDARD CHESS TOURNEY - SEP 2010"]
[Site "SchemingMind.com"]
[Date "2010.09.04"]
[Round "-"]
[White "mmccaffe"]
[Black "Bricriu"]
[Result "1/2-1/2"]
[WhiteCountry "USA"]
[BlackCountry "IRL"]
[WhiteElo "1726"]
[WhiteRD "62"]
[BlackElo "1819"]
[BlackRD "77"]
[GameID "259332"]

1. e4 c6 2. d4 d5 3. Nc3 dxe4 4. Nxe4 Bf5 5. Ng3 Bg6 6. Bc4 e6 7. Nf3 Nd7 8. c3 Ngf6 9. O-O Qc7 10. Re1 O-O-O
11. Bg5 h6 12. Bxf6 gxf6 13. Bd3 Bxd3 14. Qxd3 Bd6 15. Qe3 h5 16. Ne4 h4 17. Nxd6+ Qxd6 18. Rad1 Nb6 19. b3 h3 20. g3 Nd5
21. Qd3 Rdg8 22. c4 Nf4 23. Qd2 Nh5 24. Re3 f5 25. d5 f4 26. Rd3 fxg3 27. dxc6 gxh2+ 28. Kh1 Qxc6 29. Qe3 Qc7 30. Qxa7 Nf4
31. Rd4 Ne2 32. R4d2 Rg1+ 33. Nxg1 hxg1=Q+ 34. Rxg1 Nxg1 35. Qa8+ Qb8 36. Qxb8+ Kxb8 37. Kxg1 h2+ 38. Kh1 Kc7 39. f3 Rh3 40. Rxh2 Rxf3
41. Kg1 Kc6 42. Rd2= Rf5 43. Kg2 f6 44. Re2 e5 45. Re3 Rf4 46. Kg3 Kc5 47. Rd3 Rd4 48. Rf3 Rd6 49. Kg4 Ra6=
1/2-1/2

[Event "OVER 1700 STANDARD CHESS TOURNEY - SEP 2010"]
[Site "SchemingMind.com"]
[Date "2010.09.05"]
[Round "-"]
[White "mmccaffe"]
[Black "Transcendent"]
[Result "0-1"]
[WhiteCountry "USA"]
[BlackCountry "ENG"]
[WhiteElo "1737"]
[WhiteRD "55"]
[BlackElo "1789"]
[BlackRD "51"]
[GameID "259333"]

1. e4 c5 2. Nf3 d6 3. d4 cxd4 4. Nxd4 Nf6 5. Nc3 a6 6. Bg5 e6 7. f4 h6 8. Bh4 Be7 9. Bf2 b5 10. Bd3 Bb7
11. Qe2 Nbd7 12. O-O Nc5 13. e5 Nxd3 14. Qxd3 dxe5 15. fxe5 Nd5 16. Ndxb5 axb5 17. Qxb5+ Qd7 18. Qxd7+ Kxd7 19. Bg3 Nxc3 20. bxc3 f6
21. Rfd1+ Ke8 22. Rab1 Bd5 23. exf6 Bxf6 24. Rd3 Kf7 25. Rxd5 exd5 26. Rb7+ Kg6
0-1

[Event "OVER 1700 STANDARD CHESS TOURNEY - SEP 2010"]
[Site "SchemingMind.com"]
[Date "2010.09.04"]
[Round "-"]
[White "mmccaffe"]
[Black "PawnPusherPete"]
[Result "0-1"]
[WhiteCountry "USA"]
[BlackCountry "ENG"]
[WhiteElo "1704"]
[WhiteRD "55"]
[BlackElo "2264"]
[BlackRD "77"]
[GameID "259334"]

1. e4 c5 2. Nf3 d6 3. d3 g6 4. g3 Bg7 5. Bg2 Nc6 6. O-O Nf6 7. c3 O-O 8. Qe2 Qc7 9. Nbd2 a6 10. Nh4 Rd8
11. f4 b5 12. f5 g5 13. Nhf3 h6 14. h3 Nh5 15. Kh2 d5 16. Qf2 d4 17. c4 Nb4 18. Ne1 Nxg3
0-1

[Event "OVER 1700 STANDARD CHESS TOURNEY - SEP 2010"]
[Site "SchemingMind.com"]
[Date "2010.09.07"]
[Round "-"]
[White "_keyes"]
[Black "mmccaffe"]
[Result "1-0"]
[WhiteCountry "ENG"]
[BlackCountry "USA"]
[WhiteElo "1897"]
[WhiteRD "76"]
[BlackElo "1737"]
[BlackRD "55"]
[GameID "259335"]

1. d4 Nf6 2. c4 g6 3. Nc3 Bg7 4. e4 d6 5. f3 O-O 6. Be3 e5 7. d5 c6 8. Qd2 cxd5 9. cxd5 a6 10. Bd3 Nbd7
11. Nge2 Nc5 12. Bc2 Nh5 13. g4 Nf6 14. O-O-O b5 15. b4 Ncd7 16. Ng3 Nb6 17. Bd3 Qc7 18. Bxb6 Qxb6 19. h4 Bd7 20. h5 a5
21. a3 axb4 22. axb4 Rfc8 23. hxg6 Ra1+ 24. Kb2 Rxd1 25. gxf7+ Kxf7 26. Rxd1 Qd4 27. Kb3 Nxg4 28. fxg4 Bxg4 29. Rf1+ Kg8 30. Nxb5 Qb6
31. Rc1 Rf8 32. Rc6 Qg1 33. Ne2 Qg2 34. Rxd6 Rf2 35. Nbc3
1-0

[Event "OVER 1700 STANDARD CHESS TOURNEY - SEP 2010"]
[Site "SchemingMind.com"]
[Date "2010.09.07"]
[Round "-"]
[White "maaac"]
[Black "mmccaffe"]
[Result "1-0"]
[WhiteCountry "AUS"]
[BlackCountry "USA"]
[WhiteElo "1997"]
[WhiteRD "74"]
[BlackElo "1704"]
[BlackRD "55"]
[GameID "259336"]

1. d4 Nf6 2. c4 g6 3. Nc3 Bg7 4. e4 d6 5. Nf3 O-O 6. Be2 e5 7. O-O Nc6 8. d5 Ne7 9. b4 Ne8 10. c5 f5
11. Bg5 h6 12. Bxe7 Qxe7 13. cxd6 Nxd6 14. Qc2 fxe4 15. Nxe4 Bf5 16. Bd3 Nxe4 17. Bxe4 Bxe4 18. Qxe4 Rf4 19. Qxg6 Rxb4 20. Rad1 Rd8
21. Rfe1 e4 22. Nd4 Qe5 23. Ne6 Rc8 24. Nxg7 Qxg7 25. Qe6+
1-0

[Event "OVER 1700 STANDARD CHESS TOURNEY - SEP 2010"]
[Site "SchemingMind.com"]
[Date "2010.09.07"]
[Round "-"]
[White "Scooter"]
[Black "mmccaffe"]
[Result "1-0"]
[WhiteCountry "USA"]
[BlackCountry "USA"]
[WhiteElo "1901"]
[WhiteRD "62"]
[BlackElo "1704"]
[BlackRD "55"]
[GameID "259337"]

1. d4 Nf6 2. Nf3 g6 3. Bf4 Bg7 4. h3 O-O 5. e3 c5 6. c3 cxd4 7. exd4 d6 8. Nbd2 Nbd7 9. Be2 Qb6 10. Qb3 Qxb3
11. axb3 a6 12. O-O Nb6 13. Rfe1 Be6 14. Ng5 Bd7 15. Bf3 Nbd5 16. Bg3 Rab8 17. c4 h6 18. cxd5 hxg5 19. Rxe7 Rbc8 20. Bxd6 Rc2
21. Nc4 Bb5 22. Bd1 Bxc4 23. Bxc2 Bxd5 24. Rae1 Bc6 25. R7e5 Rd8 26. Bc5
1-0

[Event "OVER 1700 STANDARD CHESS TOURNEY - SEP 2010"]
[Site "SchemingMind.com"]
[Date "2010.09.07"]
[Round "-"]
[White "NAZRIZ1977"]
[Black "mmccaffe"]
[Result "1-0"]
[WhiteCountry "WLS"]
[BlackCountry "USA"]
[WhiteElo "1772"]
[WhiteRD "74"]
[BlackElo "1737"]
[BlackRD "55"]
[GameID "259338"]

1. c4 Nf6 2. g3 g6 3. Bg2 Bg7 4. Nf3 O-O 5. O-O c5 6. Nc3 Nc6 7. a3 d6 8. d4 cxd4 9. Nxd4 Nxd4 10. Qxd4 Nd7
11. Qh4 Nf6 12. Rd1 Qc7 13. Bg5 Be6 14. Nd5 Bxd5 15. cxd5 Qc2 16. b4 Nxd5 17. Rac1 Qa2 18. Bxd5 Qxa3 19. Bxe7 Rfc8 20. Rxc8+ Rxc8
21. Qf4
1-0

[Event "OVER 1700 STANDARD CHESS TOURNEY - SEP 2010"]
[Site "SchemingMind.com"]
[Date "2010.09.07"]
[Round "-"]
[White "Bricriu"]
[Black "mmccaffe"]
[Result "1-0"]
[WhiteCountry "IRL"]
[BlackCountry "USA"]
[WhiteElo "1805"]
[WhiteRD "77"]
[BlackElo "1709"]
[BlackRD "60"]
[GameID "259339"]

1. e4 c6 2. d4 d5 3. exd5 cxd5 4. c4 Nf6 5. Nc3 e6 6. Nf3 Nc6 7. Bg5 Bb4 8. Bd3 O-O 9. O-O dxc4 10. Bxc4 h6
11. Bh4 g5 12. Bg3 Qa5 13. Qd3 Rd8 14. a3 Bd6 15. b4 Qc7 16. Nb5 Qb8 17. Bxd6 Rxd6 18. Nxd6 Qxd6 19. Rad1 b6 20. d5 exd5
21. Bxd5 Nxd5 22. Qxd5 Qxd5 23. Rxd5 Be6 24. Rd6 Ne7 25. Nd4 Bc4 26. Re1 Nd5 27. Rc1 b5 28. Rxc4 bxc4 29. Rxd5 c3 30. Nc2
1-0

[Event "OVER 1700 STANDARD CHESS TOURNEY - SEP 2010"]
[Site "SchemingMind.com"]
[Date "2010.09.07"]
[Round "-"]
[White "Transcendent"]
[Black "mmccaffe"]
[Result "1-0"]
[WhiteCountry "ENG"]
[BlackCountry "USA"]
[WhiteElo "1793"]
[WhiteRD "51"]
[BlackElo "1704"]
[BlackRD "55"]
[GameID "259340"]

1. e4 c6 2. d4 d5 3. Nc3 dxe4 4. Nxe4 Nd7 5. Bc4 Ngf6 6. Ng5 e6 7. Ne2 h6 8. Nf3 Nb6 9. Bb3 Be7 10. O-O O-O
11. c3 c5 12. Be3 Qc7 13. Qd2 Rd8 14. Qc1 cxd4 15. Nexd4 a6 16. Qc2 Nbd5 17. Bd2 b5 18. Rac1 Bb7 19. Rfe1 Nb6 20. Nxe6 fxe6
21. Bxe6+ Kh8 22. Qg6 Nc4 23. Bxh6 Bf8 24. Ng5 Ne5 25. Rxe5 gxh6 26. Nf7+
1-0

[Event "OVER 1700 STANDARD CHESS TOURNEY - SEP 2010"]
[Site "SchemingMind.com"]
[Date "2010.09.07"]
[Round "-"]
[White "PawnPusherPete"]
[Black "mmccaffe"]
[Result "1-0"]
[WhiteCountry "ENG"]
[BlackCountry "USA"]
[WhiteElo "2264"]
[WhiteRD "77"]
[BlackElo "1704"]
[BlackRD "55"]
[GameID "259341"]

1. e4 c6 2. Nc3 d5 3. Nf3 dxe4 4. Nxe4 Nf6 5. Nxf6+ gxf6 6. g3 Bg4 7. Bg2 Qd7 8. h3 Bf5 9. d3 Na6 10. Be3 h5
11. Qd2 e6 12. O-O-O Bc5 13. Bxc5 Nxc5 14. Qc3 Qd5 15. Nh4 Qd6 16. Qxf6 Qe7 17. Qxh8+
1-0

[Event "OVER 1700 STANDARD CHESS TOURNEY - SEP 2010"]
[Site "SchemingMind.com"]
[Date "2010.09.04"]
[Round "-"]
[White "Kroll"]
[Black "maaac"]
[Result "0-1"]
[WhiteCountry "POL"]
[BlackCountry "AUS"]
[WhiteElo "1574"]
[WhiteRD "94"]
[BlackElo "1927"]
[BlackRD "78"]
[GameID "259373"]

1. d4 Nf6 2. Bg5 Ne4 3. Bf4 c5 4. f3 Nf6 5. dxc5 g6 6. e4 Bg7 7. e5 Nh5 8. Qd2 Nxf4 9. Qxf4 Qc7 10. Bc4 O-O
11. Nc3 Qxc5 12. Nge2 Bxe5 13. Qe4 Nc6 14. O-O-O e6 15. f4 d5 16. Bxd5 exd5
0-1

[Event "OVER 1700 STANDARD CHESS TOURNEY - SEP 2010"]
[Site "SchemingMind.com"]
[Date "2010.09.04"]
[Round "-"]
[White "Kroll"]
[Black "Scooter"]
[Result "0-1"]
[WhiteCountry "POL"]
[BlackCountry "USA"]
[WhiteElo "1574"]
[WhiteRD "94"]
[BlackElo "1846"]
[BlackRD "60"]
[GameID "259375"]

1. d4 d5 2. c4 c6 3. e3 Nf6 4. Nc3 e6 5. Nf3 Nbd7 6. Bd3 Bb4 7. Bd2 O-O 8. O-O dxc4 9. Bxc4 b5 10. Bd3 a6
11. a3 Bxc3 12. Bxc3 c5 13. dxc5 Nxc5 14. Bb4 Qb6 15. Rc1 Nxd3 16. Qxd3 Bb7 17. Bxf8 Kxf8 18. Ne5 Rd8 19. Qc3 Nd5 20. Qc5+ Qxc5
0-1

[Event "OVER 1700 STANDARD CHESS TOURNEY - SEP 2010"]
[Site "SchemingMind.com"]
[Date "2010.09.04"]
[Round "-"]
[White "Kroll"]
[Black "Bricriu"]
[Result "0-1"]
[WhiteCountry "POL"]
[BlackCountry "IRL"]
[WhiteElo "1574"]
[WhiteRD "94"]
[BlackElo "1791"]
[BlackRD "79"]
[GameID "259377"]

1. d4 d5 2. c4 c6 3. e3 Bf5 4. Nc3 e6 5. Nf3 Nd7 6. Bd3 Bxd3 7. Qxd3 Ngf6 8. O-O Bb4 9. Bd2 a5 10. a3 Be7
11. cxd5 exd5
0-1

[Event "OVER 1700 STANDARD CHESS TOURNEY - SEP 2010"]
[Site "SchemingMind.com"]
[Date "2010.09.04"]
[Round "-"]
[White "Kroll"]
[Black "PawnPusherPete"]
[Result "0-1"]
[WhiteCountry "POL"]
[BlackCountry "ENG"]
[WhiteElo "1574"]
[WhiteRD "94"]
[BlackElo "2227"]
[BlackRD "84"]
[GameID "259379"]

1. d4 Nf6 2. Bg5 Ne4 3. Bf4 c5 4. f3 Qa5+ 5. c3 Nf6 6. e4 cxd4 7. Qxd4 Nc6 8. Qd1 e5 9. Bg5 Qd8 10. Nd2 Be7
11. Bb5 O-O 12. Ne2 h6 13. Bh4 d5 14. Bxf6 Bxf6 15. exd5 Qxd5 16. Bxc6 Qxc6 17. Ne4 Bh4+ 18. g3 Rd8 19. Qb3 Be7 20. O-O Be6
0-1

[Event "OVER 1700 STANDARD CHESS TOURNEY - SEP 2010"]
[Site "SchemingMind.com"]
[Date "2010.09.05"]
[Round "-"]
[White "maaac"]
[Black "Kroll"]
[Result "1-0"]
[WhiteCountry "AUS"]
[BlackCountry "POL"]
[WhiteElo "1927"]
[WhiteRD "78"]
[BlackElo "1574"]
[BlackRD "94"]
[GameID "259381"]

1. d4 e6 2. c4 d5 3. Nc3 Nf6 4. Nf3 Be7 5. Bg5 O-O 6. e3 b6 7. Bd3 Bb7 8. cxd5 Nxd5 9. Nxd5 Bxd5 10. Bxe7 Qxe7
11. O-O c5 12. dxc5 Qxc5 13. Rc1 Qb4 14. Rc7 Qxb2 15. Ng5 h6 16. Qh5 Qe5 17. Bh7+ Kh8 18. Nxf7+
1-0